01438cam a22003854i 4500003000900000005001700009008004100026020001500067020001800082035002700100040003300127082001900160100003300179245008900212264006100301300003800362336002100400337002500421338002300446505043300469526001000902526001000912526001000922526001000932526000800942526000800950526000800958526000800966526000800974526000800982526000800990650001600998650002301014650001501037PE-LiUPU20250731173148.0150623s2003 miu r 000 0 eng d a1565633652 a9781565633650 a(Sirsi) i9781565633650 aPE-LiUPUbspacPE-LiUPUerda04a273.9bB842211 aBrown, Harold O. J.,eautor.10aHeresies :bheresy and orthodoxy in the history of the church /cHarold O. J. Brown. 1aPeabody, Massachusetts :bHendrickson Publishers,c2003. a486 páginas ;c23 centímetros atext2rdacontent aunmediated2rdamedia avolume2rdacarrier0 aThe twist of heresy -- Why heresies? -- Common ground -- Structure and variation -- Before the New Testament -- The apologists -- monarchianism -- The great alternative: arianism -- The doctrine of the trinity -- Christology -- "Minor" problems: election, free will, apostasy -- Images and heresy -- New heresies, New problems -- The new church and the old heresy: scholasticism, the crusades, and dualism -- The pious heretics. aSEG42 aSEG41 aSEG40 aSEG39 aP94 aP87 aP86 aP85 aP77 aP76 aP3504aHerejías.04aIglesiaxHistoria.04aOrtodoxia.